000 00984 a2200181 4500
003 Nust
005 20220811144232.0
020 _a551641003
040 _cNust
082 _a005.133,BER
100 _aBerlinger, Eli
_996889
245 _aProgram CSI,uses turbo pascal /
_cEli Berlinger and Gene Zirkel
260 _aNew Delhi
_bGalgotia Pub
_c1991
300 _aix,490.:
505 _aComputers (Page-1), The Turbo Pascal System Version 4* (Page-8), Programming Concepts Procedures and Parameters (Page-25),Pascal Statements (Page-57), Conditional Statements (Page-91), Loops and Text Files (Page-123),Debugging (Page-173), User-Defining and One -Dimensional Arrays (Page-189), Mufti-Dimensional Arrays (Page-227), Functions (Page-269), Records (Page-309), Sets (Page-335),String Processing (Page-351),Miscellaneous Topics (Page-373),The Turbo Pascal System Version 5 (Page-419), Debugging with Turbo 5 (Page-435).
650 _aUsing turbo
_996890
942 _cBK
_2ddc
_k005.133,BER
999 _c176190
_d176190